000 00260nam a2200121Ia 4500
008 221030s9999 xx 000 0 und d
041 _aEnglish
100 _aJ. Dean
245 0 _aManegerial Economics
_cby J. Dean
260 _c0
650 _aB
942 _cBK
999 _c14332
_d14332